Las abejas y la miel en la antigüedad clásica / (Record no. 99519)

MARC details
000 -LEADER
campo de control de longitud fija 00490nam a2200157 i 4500
001 - NÚMERO DE CONTROL
campo de control 99519
003 - IDENTIFICADOR DE NÚMERO DE CONTROL
campo de control ES-MaACL
005 - FECHA Y HORA DE LA ÚLTIMA TRANSACCIÓN
campo de control 20230906182517.0
007 - CAMPO FIJO DE DESCRIPCIÓN FÍSICA--INFORMACIÓN GENERAL
campo de control de longitud fija t|
008 - DATOS DE LONGITUD FIJA--INFORMACIÓN GENERAL
campo de control de longitud fija 050912s1968 sp ||||1| spa d
100 1# - ENTRADA PRINCIPAL--NOMBRE DE PERSONA
Nombre de persona Martín Tordesillas, Aurea María.
9 (RLIN) 77664
245 14 - MENCIÓN DEL TÍTULO
Título Las abejas y la miel en la antigüedad clásica /
Mención de responsabilidad, etc. Aurea María Martín Tordesillas.
260 ## - PUBLICACIÓN, DISTRIBUCIÓN, ETC.
Lugar de publicación, distribución, etc. Madrid :
Nombre del editor, distribuidor, etc. [s.n.],
Fecha de publicación, distribución, etc. 1968 (
Fabricante Gráf. Condor)
300 ## - DESCRIPCIÓN FÍSICA
Extensión 46 p. ;
Dimensiones 24 cm.
852 ## - LOCALIZACIÓN
Ubicación ES-MaACL
Número de control de estantería 2062-F-38
Sublocalización o colección R.66232
Holdings
Estatus retirado Estado de pérdida Estado de daño No para préstamo Colección Biblioteca de origen Biblioteca actual Ubicación en estantería Fecha de adquisición Fuente de adquisición Total de préstamos Signatura topográfica completa Código de barras Visto por última vez Precio de reemplazo Tipo de ítem Koha
        Colección de folletos Biblioteca del Ateneo de Madrid Biblioteca del Ateneo de Madrid Depósito folletos 17/01/2008     2062-F-38 1103913 23/02/2023 23/02/2023 Folleto